000 00289nam a2200121Ia 4500
008 260210s9999 xx 000 0 und d
020 _a9788190852814
100 _aKHULBUSHAN JAIN
245 0 _aARCHITECTURE CONCEPTUAL TO MANIFEST
260 _bAADI 2011
260 _c2011
942 _cUG
999 _c14240
_d14240